| 000 | 01059cam a22003137a 4500 | ||
|---|---|---|---|
| 003 | CHAP | ||
| 005 | 20220329133452.0 | ||
| 008 | 971013s1993 mx r 10010 spa d | ||
| 010 | _a6730 | ||
| 011 | _a7702 | ||
| 035 | _a6926 | ||
| 040 | _cCHAP | ||
| 082 | 0 | 4 |
_a580.63 _bC6r 1993 |
| 111 | 0 | 0 |
_aCongreso Mexicano de Botánica ( _n12 _d: 1993 _c: Mérida, Yuc.) _926835 |
| 245 | 1 | 3 |
_aLa botánica mexicana hacia el siglo XXI _b: Libro de resúmenes |
| 260 |
_aMérida, Yuc. : _bSociedad Botánica de México, _c1993 |
||
| 300 | _a295 p. | ||
| 590 |
_aBATCH-UPD _b10 _c20130110 _lUCH01 _h0135 |
||
| 590 |
_aBATCH-UPD _b10 _c20130110 _lUCH01 _h1041 |
||
| 590 |
_aBATCH-UPD _b10 _c20130409 _lUCH01 _h2132 |
||
| 590 |
_aBATCH-UPD _b10 _c20130410 _lUCH01 _h0640 |
||
| 590 |
_aBATCH-UPD _b10 _c20130914 _lUCH01 _h0727 |
||
| 590 |
_aCONVERSION _b10 _c20130109 _lUCH01 _h1305 |
||
| 650 | 1 | 4 |
_aBotánica _xCongresos. _914522 |
| 650 | 1 | 4 |
_aBotánica _zMéxico. _914641 |
| 901 | _aBK | ||
| 942 | _cLIBRO | ||
| 949 |
_a580.63 C6r 1993 _bBC _cCONG _d33724000519864 _eCONG _h84719 _i6926 _mD _si |
||
| 999 |
_c6730 _d6730 |
||